| 000 | 00537nam a22001937a 4500 | ||
|---|---|---|---|
| 003 | LCc | ||
| 005 | 20140310181741.0 | ||
| 008 | 130323t xxu||||| |||| 00| 0 eng d | ||
| 020 | _a0520016203 | ||
| 050 |
_aPA6807.A5 _b.M23 1971 |
||
| 082 |
_aPA6807.A5 _b.M23 1971 |
||
| 245 |
_aThe Aeneid of Virgil _bA verse translation _cAllen Mandelbaum |
||
| 260 |
_aBerkeley _bUniversity of California Press _c1971 |
||
| 300 |
_axii, 401 p. _billus. _c23 cm. |
||
| 521 | _ateachers | ||
| 541 | _j1 | ||
| 562 | _e1 | ||
| 942 |
_2lcc _cBK-TR _kTR |
||
| 999 |
_c2796 _d2796 |
||